Music Quiz

Random Music or Billboard Quiz

Celine Dion's Biggest Hit Singles Quiz Stats

 Plays Quiz not verified by Sporcle

Score 0/33 Timer 10:00
0 Plays Today
Year Hit Single % Correct
1997My Heart Will Go On
96%
1996Because You Loved Me
82.8%
1993The Power Of Love
81%
1996It's All Coming Back To Me Now
77%
1991Beauty And The Beast
74.1%
1996All By Myself
72.7%
1999That's The Way It Is
72.7%
2002A New Day Has Come
69%
1994Think Twice
68.4%
2007Taking Chances
67.8%
2003One Heart/I Drove All Night
67.5%
2002I'm Alive
64.7%
1990Where Does My Heart Beat Now
64.4%
2003I Drove All Night
63.2%
1997Tell Him
60.6%
1998I'm Your Angel
58.6%
1996Falling Into You
57.7%
Year Hit Single % Correct
1997Immortality
54%
1992If You Asked Me To
53.4%
2008Alone
52.6%
1992Love Can Move Mountains
51.7%
1994Misled
51.1%
2008The Prayer
48.9%
1994Only One Road
47.1%
1997The Reason
45.4%
1993When I Fall In Love
37.4%
1990(If There Was) Any Other Way
34.8%
2002Goodbye's (The Saddest Word)
34.8%
1999Treat Her Like a Lady
33.6%
1997Call The Man
33.3%
1995Pour Que Tu M'aimes Encore
32.2%
1992Nothing Broken But My Heart
31.3%
2000The First Time Ever I Saw Your Face
29%

You're not logged in!

Compare scores with friends on all Sporcle quizzes.
OR
Log In

Show Comments

Extras

Top Quizzes Today


Score Distribution

Your Account Isn't Verified!

In order to create a playlist on Sporcle, you need to verify the email address you used during registration. Go to your Sporcle Settings to finish the process.

Report this User

Report this user for behavior that violates our Community Guidelines.

Details: